00741cam a2200193 a 4500003000500000005001700005008004100022010001000063011001000073035001000083040000900093100004400102245015100146260004100297300002100338500011200359650004000471650003600511CHAP20220817043800.0010725d2001 mx 00 spa d a84318 a85290 a95823 cCHAP00aRodríguez García, Jesús Humberto.00aCrédito bancario y cartera vencida en el sector rural :borigen, causas, comportamiento y solucionesc/por Jesús Humberto Rodríguez García aChapingo, Méx. :bEl autor,c2001. a189 h. :banexos aTesis (Ing. Agr. Esp. en Economía Agrícola) -- UACH. División de Ciencias Económico Administrativas14aAgriculturaxAspectos económicos.14aCrédito agrícolazMéxico.